• 首页
  • 本馆介绍
  • 公告通知
  • 最新文献
  • 馆藏检索
  • 电子资源
  • 读者导购
  • 参考咨询
  • 我的图书馆
  • 登录
  • 详细信息显示
  • 放入我的书架
  • 预约/预借图书
  • 作者相关作品
  • 分类相关作品
  • 丛书相关作品
  • 出版社相关作品

书目信息

  • 表格格式
  • 工作单格式
  • 卡片格式
题名:
懂心理才能会说话会做事
    
 
作者: 杨可以 , 王瑜 编著
分册:  
出版信息: 北京   中国纺织出版社  2017
页数: 214页
开本: 24cm
丛书名:
单 册:
中图分类: C912.13-49
科图分类:
主题词: 心理交往--口才学--通俗读物
电子资源:
ISBN: 978-7-5180-3763-6
000 01111nam0 2200253 450
001 1338
005 20180522110009.66
010    @a978-7-5180-3763-6@dCNY29.80
100    @a20171018d2017 em y0chiy50 ea
101 0  @achi
102    @aCN@b110000
105    @ay z 000yy
200 1  @a懂心理才能会说话会做事@9dong xin li cai neng hui shuo hua hui zuo shi@f杨可以,王瑜编著
210    @a北京@c中国纺织出版社@d2017
215    @a214页@d24cm
314    @a杨可以,男,东正影业国际投资公司CEO,清华大学职业经理人中心导师,心态模式团队建设高级教练,专注“老板个人品牌包装”的孵化师。
314    @a王瑜,女,四季康美集团公司核心高层,高端养生顾问式咨询首席专家,新加坡、马来西亚、台湾海峡两岸等著名新闻杂志封面人物。
330    @a本书立足于心理学,根据社交、职场、婚姻等多方面的实际情况制定策略,教会读者会说话、会做事的秘诀,掌握运用心理学的说话、做事技巧,全方位提升内在修养,最终赢得幸福人生。
606 0  @a心理交往@x口才学@j通俗读物
690    @aC912.13-49@v5
701  0 @a杨可以@9yang ke yi@4编著
701  0 @a王瑜@9wang yu@4编著
801  0 @aCN@b91MARC@c20171018
905    @aMuseLib@dC912.13-49@e1316
    
    懂心理才能会说话会做事/杨可以,王瑜编著.-北京:中国纺织出版社,2017
    214页;24cm
    
    
    ISBN 978-7-5180-3763-6:CNY29.80
    本书立足于心理学,根据社交、职场、婚姻等多方面的实际情况制定策略,教会读者会说话、会做事的秘诀,掌握运用心理学的说话、做事技巧,全方位提升内在修养,最终赢得幸福人生。
●
相关链接 在E读中查询图书 在五车中查询图书 在当当中查询图书 在豆瓣中查询图书


正题名:懂心理才能会说话会做事     索取号:C912.13-49/1316         预约/预借

序号 登录号 条形码 馆藏地/架位号 状态 备注
1 1103928   211039286   第一样本阅览室/ [索取号:C912.13-49/1316] 在馆    
2 1103929   211039295   教育系资料室/ [索取号:C912.13-49/1316] 在馆    
3 1103930   211039302   教育系资料室/ [索取号:C912.13-49/1316] 在馆    
4 1103931   211039311   教育系资料室/ [索取号:C912.13-49/1316] 在馆    
5 1103932   211039320   第一借阅区/ [索取号:C912.13-49/1316] 在馆    
6 1103933   211039339   第一借阅区/ [索取号:C912.13-49/1316] 在馆    
唐山师范学院图书馆 欢迎您!
大连网信软件有限公司© 版权所有